K vývoji peněžních příjmů obyvatelstva a životních nákladů v roce 1992. Koncepční záměr splněn.
Obsah správy Ministerstva práce a sociálnych vecí ČR. Peňažné príjmy obyvateľstva a mzdový vývoj v r. 1992. Spotrebiteľské ceny a životné náklady. Vývoj reálnej príjmovej situácie obyvateľstva. Peňažné výdavky a úspory obyvateľstva. Vývoj na začiatku roku 1993.
Guardado en:
| Formato: | Capítulo de libro |
|---|---|
| Lenguaje: | checo |
| Materias: | |
| Etiquetas: |
Sin Etiquetas, Sea el primero en etiquetar este registro!
|
MARC
| LEADER | 00000naa a2200000 4500 | ||
|---|---|---|---|
| 001 | r013248 | ||
| 005 | 20221205080427.8 | ||
| 041 | 0 | |a cze | |
| 044 | |a CZ | ||
| 245 | 1 | 0 | |a K vývoji peněžních příjmů obyvatelstva a životních nákladů v roce 1992. |b Koncepční záměr splněn. |
| 520 | |a Obsah správy Ministerstva práce a sociálnych vecí ČR. Peňažné príjmy obyvateľstva a mzdový vývoj v r. 1992. Spotrebiteľské ceny a životné náklady. Vývoj reálnej príjmovej situácie obyvateľstva. Peňažné výdavky a úspory obyvateľstva. Vývoj na začiatku roku 1993. | ||
| 610 | 2 | 0 | |a príjmy obyvateľstva |
| 610 | 2 | 0 | |a náklady životné |
| 610 | 2 | 0 | |a Čechy |
| 610 | 2 | 0 | |a 1992 |
| 610 | 2 | 0 | |a mzdy |
| 610 | 2 | 0 | |a ceny |
| 610 | 2 | 0 | |a spotrebitelia |
| 610 | 2 | 0 | |a úspory |
| 610 | 2 | 0 | |a 1993 |
| 610 | 2 | 0 | |a úroveň životná |